Science Quiz

Random Science or Famous Quiz

Scientists, Engineers and Inventors by Mural Quiz Stats

 Plays Quiz Updated Apr 15, 2018

Also try: TV Show by Mural
Challenge
Share
Tweet
Score 0/20 Timer 06:00
2 Plays Today
% Correct
Albert Einsten
96.2%
Marie Curie
90%
Benjamin Franklin
83.4%
Thomas Edison
80.6%
Nikola Tesla
79.3%
Neil deGrasse Tyson
78.1%
Isaac Newton
75.6%
Charles Darwin
71.7%
Jane Goodall
64.2%
Alan Turing
59.4%
% Correct
Guglielmo Marconi
56.5%
Carl Sagan
55.8%
Alfred Nobel
55.3%
George Washington Carver
49.9%
Galileo Galilei
46.5%
Johannes Kepler
31%
Alexander Graham Bell
29.9%
Alessandro Volta
28.1%
Ada Lovelace
22.1%
Archimedes
13.9%

You're not logged in!

Compare scores with friends on all Sporcle quizzes.
OR
Log In

You Might Also Like...

Show Comments

Extras

Top Quizzes Today


Score Distribution

Your Account Isn't Verified!

In order to create a playlist on Sporcle, you need to verify the email address you used during registration. Go to your Sporcle Settings to finish the process.

Report this User

Report this user for behavior that violates our Community Guidelines.

Details: